El fuero sindical en la legislacion colombiana y sus vacios juridicos / (Registro nro. 3408)

Detalles MARC
000 -LEADER
fixed length control field 01460nam a2200313 4500
003 - CONTROL NUMBER IDENTIFIER
control field CO-CtgCURN
005 - DATE AND TIME OF LATEST TRANSACTION
control field 20250329165423.0
008 - FIXED-LENGTH DATA ELEMENTS--GENERAL INFORMATION
fixed length control field 160531s2000 000 0 eng d
040 ## - CATALOGING SOURCE
Original cataloging agency CO-CtgCURN
Language of cataloging spa
Transcribing agency coctgcurn
082 0# - DEWEY DECIMAL CLASSIFICATION NUMBER
Classification number DER 2000
Item number B221
100 1# - MAIN ENTRY--PERSONAL NAME
Personal name Baños Sinning, Juan de Dios.
245 13 - TITLE STATEMENT
Title El fuero sindical en la legislacion colombiana y sus vacios juridicos /
Statement of responsibility, etc. Juan de Dios Baños Sinning, Nelson Rodriguez C. ; directores, Issa Ulloque Toscano, Harold Martinez Patron.
260 ## - PUBLICATION, DISTRIBUTION, ETC.
Place of publication, distribution, etc. Cartagena de Indias :
Name of publisher, distributor, etc. Corporacion Universitaria Rafael Nuñez,
Date of publication, distribution, etc. 2000.
300 ## - PHYSICAL DESCRIPTION
Extent 117 h.
336 ## - CONTENT TYPE
Source rdacontent
337 ## - MEDIA TYPE
Source rdamedia
Media type term sin mediacion
Media type code n
338 ## - CARRIER TYPE
Source rdacarrier
Carrier type term volumen
Carrier type code nc
500 ## - GENERAL NOTE
General note No tiene cesion de derechos.
502 ## - DISSERTATION NOTE
Dissertation note Trabajo de grado (Abogado). Corporacion Universitaria Rafael Nuñez. Facultad de Ciencias Sociales y Humanas. Programa de Derecho, 2000.
504 ## - BIBLIOGRAPHY, ETC. NOTE
Bibliography, etc. note Incluye bibliografia.
590 ## - LOCAL NOTE (RLIN)
Local note Derecho
650 #0 - SUBJECT ADDED ENTRY--TOPICAL TERM
Topical term or geographic name entry element Derecho
Form subdivision Tesis y disertaciones academicas.
700 1# - ADDED ENTRY--PERSONAL NAME
Personal name Rodriguez C., Nelson.
700 1# - ADDED ENTRY--PERSONAL NAME
Personal name Ulloque Toscano, Issa,
Relator term director.
700 1# - ADDED ENTRY--PERSONAL NAME
Personal name Harold Martinez Patron,
Relator term director.
856 7# - ELECTRONIC LOCATION AND ACCESS
Uniform Resource Identifier <a href="https://unicurn.sharepoint.com/:b:/s/biblioteca/Ed4WJUvlKclNiNQhjXMi_VYBYcawo3U20pQ9ub46E5EY9w?e=uVekhi">https://unicurn.sharepoint.com/:b:/s/biblioteca/Ed4WJUvlKclNiNQhjXMi_VYBYcawo3U20pQ9ub46E5EY9w?e=uVekhi</a>
Public note Click aqui para ver el recurso en texto completo
942 ## - ADDED ENTRY ELEMENTS (KOHA)
Classification part DER 2000
Item part B221
Source of classification or shelving scheme Dewey Decimal Classification
Koha item type Trabajos de grado
Existencias
Withdrawn status Lost status Source of classification or shelving scheme Damaged status Not for loan Collection Home library Current library Shelving location Date acquired Cost, normal purchase price Inventory number Total checkouts Full call number Barcode Date last seen Price effective from Koha item type
    Dewey Decimal Classification     Trabajos de grado Miguel Henríquez Castañeda Miguel Henríquez Castañeda Trabajo de grado 03/16/2018 35000.00 019202   DER 2000 B221 019202 03/16/2018 03/16/2018 Trabajos de grado